MEDICAL STATISTICS AND DEMOGRAPHY MADE EASY (Record no. 216547)

MARC details
000 -LEADER
fixed length control field 00535nam a22001697a 4500
008 - FIXED-LENGTH DATA ELEMENTS--GENERAL INFORMATION
fixed length control field 260205b |||||||| |||| 00| 0 eng d
020 ## - INTERNATIONAL STANDARD BOOK NUMBER
International Standard Book Number 978-0-07163447-2
050 ## - LIBRARY OF CONGRESS CALL NUMBER
Classification number RA 409 . S 52 2009
Item number 1
100 ## - MAIN ENTRY--PERSONAL NAME
Personal name SHARMA DEVASHISH
245 ## - TITLE STATEMENT
Title MEDICAL STATISTICS AND DEMOGRAPHY MADE EASY
260 ## - PUBLICATION, DISTRIBUTION, ETC.
Place of publication, distribution, etc. NEW DELHI,
Name of publisher, distributor, etc. JAYPEE BROTHERS,
Date of publication, distribution, etc. 2009,
300 ## - PHYSICAL DESCRIPTION
Extent Viii, 353 P, ILL
500 ## - GENERAL NOTE
General note INCLUDES INDEX
650 ## - SUBJECT ADDED ENTRY
Topical term or geographic name entry element 1.MEDICAL STATISTICS-METHODOLOGY 2. DEMOGRAPHY-METHODOLOGY 3. STATISTICS
942 ## - ADDED ENTRY ELEMENTS (KOHA)
Source of classification or shelving scheme Library of Congress Classification
Koha item type Long Loan Book
Holdings
Withdrawn status Lost status Source of classification or shelving scheme Damaged status Not for loan Collection Home library Current library Shelving location Date acquired Inventory number Total checkouts Full call number Barcode Date last seen Copy number Price effective from Koha item type
    Library of Congress Classification     Medicine Kisii University Library Kisii University Library On Display 02/05/2026 11147   RA 409 . S 52 2009 50771 02/05/2026 1 02/05/2026 Long Loan Book
    Library of Congress Classification     Medicine Kisii University Library Kisii University Library On Display 02/05/2026 111478   RA 409 .S 52 2009 50849 02/05/2026 2 02/05/2026 Long Loan Book
    Library of Congress Classification     Medicine Kisii University Library Kisii University Library On Display 02/05/2026 111479   RA 409 .S 52 2009 50850 02/05/2026 3 02/05/2026 Long Loan Book
    Library of Congress Classification     Medicine Kisii University Library Kisii University Library On Display 02/05/2026 111480   RA 409 .S 52 2009 50772 02/05/2026 4 02/05/2026 Long Loan Book